| 000 | 00358nam a2200145 a 4500 | ||
|---|---|---|---|
| 008 | 000411s1961||||xx 0 und c | ||
| 040 |
_aSNK _bslo _cSNK _eAACR2 |
||
| 100 | 1 | _aKršák, Pavol | |
| 245 | 1 | 0 | _aHrdinovia olympijských kruhov |
| 260 |
_aBratislava _bMladé letá _c1961 |
||
| 300 | _a231 s. | ||
| 020 | _c23,30 | ||
| 041 | _aslo | ||
| 044 |
_axo _cSK |
||
| 999 |
_c19693 _d19693 |
||